000 00982nam a2200229 4500
005 20240530110540.0
008 160507s2013 ua a|||f b|||f00| 0 a d
020 _a9789774481536
040 _aEG-CaGPL
082 0 4 _a390.096226
_bق/ع و
_221
100 0 _aعبدالوهاب حنفي
245 1 2 _aالواحات الداخلة :
_bدراسة في التاريخ الثقافي والمأثورات الشعبية /
_cتأليف عبدالوهاب حنفي.
260 _aالقاهرة :
_bالهيئة المصرية العامة للكتاب،
_c2013.
300 _a339 ص. :
_bايض. ؛
_c24 سم.
490 0 _aسلسلة الثقافة الشعبية ؛
_v5.
504 _aببليوجرافية : ص. 337-339.
650 0 4 _aالفولكلور المصري
651 0 4 _aالواحات الداخلة
_xالعادات والتقاليد
651 0 4 _aالواحات الداخلة
_xتاريخ
942 _2ddc
_cBK
999 _c62246
_d62246